La Garde du Roi Lion - Statistiques

Statistiques générales
  • Ce quiz a été pris 197 fois
  • Le résultat moyen est 12 sur 19
Statistiques - réponses
Hint Réponse % Correct
Chef de la Garde, il peut invoquer le rugissement des ancêtres Kion
94%
Père de Kion Simba
93%
Grand-père de Kion, décédé Mufasa
92%
Grande soeur de Kion Kiara
88%
Reine de la Terre des Lions Nala
86%
Seule fille membre de la Garde Fuli
81%
Celui qui a la vue la plus persante Ono
79%
Plus courageux de la Terre des Lions Bunga
78%
Jeune hippopotame Beshte
67%
Suricate bien connu Timon
60%
Meneur du clan des hyènes Janja
56%
Majordome royal, calao Zazu
52%
Hyène alliée à la Garde Jasiri
47%
Fidèle ami du suricate Pumbaa
46%
Éléphante, chef du clan Ma Tembo
39%
Grand fan du plus fort de la Terre des Lions Mtoto
32%
Meneur du clan des crocodiles, qui a pris la place de Pua Makuu
27%
Il est souvent piétiné dès qu'il est proche de la Garde... Ushari
19%
Meneuse du clan des chacals Rairai
16%
Aucun quiz correspondant
Distribution des résultats
% des personnes avec chaque résultat
Percentile par nombre de réponses
Votre historique - résultats
Vous n’avez pas pris ce quiz